000 00885nam a2200277Ia 4500
003 GCL
008 140319s9999 xx 000 0 ara d
040 _aGCL /
_cGCL
082 0 4 _aق
_b953.0962
_bج م
100 1 _aجرجى زيدان
245 1 0 _aمصر العثمانية /
_cجرجى زيدان
700 1 _aمحمد حرب(تحقيق)
260 _a[S.N] :
_bدار الهلال للطباعة والنشر ،
_c1993
300 _a316 ص
490 _a
650 0 4 _aمصر
650 0 4 _aتاريخ
650 0 4 _aالاحوال الاجتماعية
650 0 4 _aالاحوال السياسية
650 0 4 _aدولة المماليك
650 0 4 _aالاحوال الاقتصادية
650 0 4 _aالثقافة
650 0 4 _aمعركة مرج دابق
650 0 4 _aالعالم العربى - تاريخ - العصر العثمانى
942 _2ddc
_cBK
999 _c31004
_d31004